Countries that Border Peru - Statistics

General Stats
  • This quiz has been taken 67 times
  • The average score is 5 of 5
Answer Stats
Answer % Correct
Brazil
97%
Chile
97%
Bolivia
94%
Ecuador
94%
Colombia
92%
No matching quizzes found
Score Distribution
Percent of People with Each Score
Percentile by Number Answered
Your Score History
You have not taken this quiz